| 000 | 00784nam a2200193 a 4500 | ||
|---|---|---|---|
| 003 | 0 | ||
| 005 | 20250415100705.0 | ||
| 008 | 090803s19uu xx 00 eng d | ||
| 050 |
_aPHS DS 686.614 _b.P6 2006 |
||
| 100 | _aPo, Isabelle De Luna. | ||
| 245 |
_aThe Perceptions of Overseas Filipino Workers in Hong Kong on President Gloria Macapagal Arroyo's public apology / _cIsabelle De Luna Po. |
||
| 260 |
_aLas PiƱas City, Philippines : _bSouthville International School and Colleges, _c2006. |
||
| 300 |
_a31 pages : _billustrations ; _c28 cm. |
||
| 504 | _aIncludes bibliographical references. | ||
| 600 |
_aArroyo, Gloria Macapagal, 1947 _xPublic opinion. |
||
| 650 |
_aOverseas Filipino workers _vPublic opinion. |
||
| 650 |
_aFilipino diaspora _zHong Kong. |
||
| 942 |
_2lcc _cPASS |
||
| 999 |
_c97656 _d97656 |
||